| 000 | 01250nam a2200385 i 4500 | ||
|---|---|---|---|
| 001 | 13111 | ||
| 003 | KOSZ 005 | ||
| 005 | 20200330131344.0 | ||
| 008 | 070928s1968 pl a f 000 0 pol | ||
| 015 | _aPB 1968/7030 | ||
| 040 |
_aWA N _cWA N _dKOSZ 005/RW |
||
| 046 | _k1968 | ||
| 080 | _a621.791/.795 | ||
| 080 | _a669.1 | ||
| 080 | _a620.1 | ||
| 100 | 1 |
_aŚniegoń, Karol. _eAutor |
|
| 245 | 1 | 0 |
_aSpawanie stali odpornych na korozję / _cKarol Śniegoń. |
| 260 |
_aWarszawa : _bWydawnictwa Naukowo-Techniczne, _c1968. |
||
| 300 |
_a242, [2] strony, [2] karty tablic : _bilustracje ; _c21 cm. |
||
| 336 |
_aTekst _btxt _2rdacontent |
||
| 337 |
_aBez urządzenia pośredniczącego _bn _2rdamedia |
||
| 338 |
_aWolumin _bnc _2rdacarrier |
||
| 380 | _aKsiążki. | ||
| 380 | _aPublikacje fachowe | ||
| 388 | _a1901-2000 | ||
| 504 | _aBibliografia na stronach 239-242. | ||
| 658 | _aInżynieria i technika | ||
| 650 | 4 | _aTechnologia | |
| 650 | 4 | _aSpawanie | |
| 650 | 4 | _aKorozja i erozja | |
| 650 | 4 | _aStal | |
| 710 | 2 |
_aWydawnictwa Naukowo-Techniczne _4pbl. |
|
| 856 |
_uhttp://koha.tu.koszalin.pl/cgi-bin/koha/opac-detail.pl?biblionumber=13111 _yKatalog online BPK |
||
| 942 |
_2UKD _cKS |
||
| 999 |
_c13111 _d13111 |
||